Comtes de Bourgogne - Statistiques

Statistiques générales
  • Ce quiz a été pris 17 fois
  • Le résultat moyen est 17 sur 36
Statistiques - réponses
Maison Règne Comte % Correct
1404-1419 Jean Ier sans peur
100%
1467-1477 Charles Ier le Téméraire
86%
1506-1558 Charles II (dit Charles Quint)
86%
1665-1678 Charles III
86%
Capétiens de Bourgogne 1347-1361 Philippe Ier
86%
1419-1467 Philippe III le Bon
86%
Valois-Bourgogne 1384-1404 Philippe II le Hardi
86%
1621-1665 Philippe IX
86%
1558-1598 Philippe VI
86%
1598-1621 Philippe VIII
86%
Dampierre 1382-1384 Louis Ier
79%
Habsbourg 1477-1482 Maximilien Ier
71%
Hohenstoffen 1156-1190 Frédéric Ier Barberousse
50%
1477-1482 Marie de Bourgogne
50%
1200-1205 Jeanne Ière
43%
1303-1330 Jeanne II
43%
Capétiens directs 1330-1347 Jeanne III
43%
1057-1087 Guillaume Ier
36%
1097-1125 Guillaume II
36%
1125-1127 Guillaume III
36%
1361-1382 Marguerite de France
36%
1384-1405 Marguerite II
36%
Ivrée 982-1026 Otte-Guillaume
29%
1205-1231 Béatrice II
21%
1148-1184 Béatrice Ire
21%
1128-1152 Conrad Ier
21%
1097-1102 Étienne Ier
21%
1190-1200 Otton Ier
21%
Andechs 1208-1231 Otton II
21%
1231-1248 Otton III
21%
Ivrée 1279-1303 Otton IV
21%
1026-1057 Renaud Ier
7%
1087-1097 Renaud II
7%
1127-1148 Renaud III
7%
1248-1279 Adélaïde Ire
0%
1493-1506 Philippe VI
0%
Aucun quiz correspondant
Distribution des résultats
% des personnes avec chaque résultat
Percentile par nombre de réponses
Votre historique - résultats
Vous n’avez pas pris ce quiz